متفرفات طرزی / (Record no. 194370)

MARC details
000 -LEADER
fixed length control field 00672nam a22001937a 4500
005 - DATE AND TIME OF LATEST TRANSACTION
control field 20221216145316.0
010 ## - LCCN (DPL NO)
LC control number UR-11799
020 ## - INTERNATIONAL STANDARD BOOK NUMBER
International Standard Book Number 9789392496486
Terms of availability 200.00
035 ## - SYSTEM CONTROL NUMBER
System control number U-10354
037 ## - SOURCE OF ACQUISITION
Source of stock number/acquisition DBAD/PUB
Stock number -
082 ## - DEWEY DECIMAL CLASSIFICATION NUMBER
Classification number 841
100 ## - MAIN ENTRY--PERSONAL NAME
Personal name طرزی ، عبد المنان
245 ## - TITLE STATEMENT
Title متفرفات طرزی /
Statement of responsibility, etc عبد المنان طرزی
Medium ا ر د و
246 ## - VARYING FORM OF TITLE
Title proper/short title Mutafarreqat-E-Tarzi /
Remainder of title by Abdul Mannan Tarzi ; compiled by Ehteshamul Haque
260 ## - PUBLICATION, DISTRIBUTION, ETC. (IMPRINT)
Place of publication, distribution, etc Delhi
Name of publisher, distributor, etc Educational Publishing House
Date of publication, distribution, etc 2021 ء
270 ## - ADDRESS
Address H.o. D1/16, Ansari Road, daryaganj
City New Delhi
Postal code 110002
300 ## - PHYSICAL DESCRIPTION
Extent 208 ص
Dimensions 23cm(Hb)
942 ## - ADDED ENTRY ELEMENTS (KOHA)
Source of classification or shelving scheme Dewey Decimal Classification
Item type Urdu Bks
Call number suffix ط ر ز
Classification part 841
Holdings
Withdrawn status Lost status Not for loan Collection code Home library Current library Date acquired Source of acquisition Cost, normal purchase price Full call number Barcode Copy number Cost, replacement price Koha item type
      Non-fiction Central Library Central Library 16/12/2022 DBAD/PUB 200.00 841 ط ر ز U-10354 1 200.00 Urdu Bks

© Delhi Public Library
Hit Counter
free hit counter